| 000 | 00895nam a22002657a 4500 | ||
|---|---|---|---|
| 999 |
_c6811 _d6811 |
||
| 003 | AR-CdUCM | ||
| 008 | 190319b ||||| |||| 00| 0 spa d | ||
| 020 | _a84-205-0628-1 | ||
| 020 | _a0-470-72252-5 | ||
| 040 |
_aMUNICIPALIDAD PROVINCIAL DEL CUSCO _cBIBLIOTECA MUNICIPAL DEL CUSCO |
||
| 082 |
_a508 / _bR62 |
||
| 100 |
_aRingbom, A. _919186 |
||
| 245 | _aFormación de complejos en Química Analítica / | ||
| 260 |
_aMadrid : _bAlhambra, _c1979. |
||
| 300 |
_a458 paginas ; _bTablas, graficos, _c20cm. |
||
| 440 |
_aExedra - ciencia tecnica ingenieria _n130 _919187 |
||
| 505 | _aContenido: reacciones -- equilibrio -- valoraciones -- acido-base -- extraccion de metales... | ||
| 650 |
_aQuimica _94512 |
||
| 650 |
_aMetales _919188 |
||
| 650 |
_aExtracción _919189 |
||
| 650 |
_aEnmascaramiento _919190 |
||
| 700 |
_aMontuenga, Carlos _919191 |
||
| 942 |
_2ddc _cLIBROS |
||
| 945 | _apjha | ||